00529 2200217 4500001002100000005001500021035002000036245006400056100001600120300002800136260003100164082000800195084001400203020002200217990001200239990001200251990001200263990001200275990001200287990001200299INLIS00000000000311220251015015835 a0010-10250000161 aX-Press TKA SMA/MA Matematika Tingkat Lanjut /cMuh. Ikhwan0 aMuh. Ikhwan a105 hlm ;c21 x 25,5 cm aJakarta :bErlangga,c2025 a510 a510 MUH x a978-623-522-769-6 a0755719 a0755720 a0755721 a0755722 a0755723 a0755724